000 00798cam a22002777a 4500
003 CHAP
005 20220329141301.0
008 971010s1989 r 00010 d
010 _a65751
011 _a66723
035 _a75530
040 _cCHAP
082 0 4 _a338.47675
_bF7
100 0 0 _aFrankel, Aida M.
_943025
245 1 0 _aTecnología del cuero
260 _aBuenos Aires :
_bAlbatros,
_c1989
300 _a324 p.
_b: il., gráfs.
590 _aBATCH-UPD
_b10
_c20130110
_lUCH01
_h0302
590 _aBATCH-UPD
_b10
_c20130110
_lUCH01
_h1516
590 _aCONVERSION
_b10
_c20130109
_lUCH01
_h1336
650 1 4 _aCuero
_xIndustria.
_930103
650 1 4 _aCurtido.
_930716
901 _aBK
942 _cLIBRO
949 _a338.47675 F7
_bBC
_cLIBRO
_d33724002344545
_eLIBRO
_gI. c/e
_h75412
_i75530
_si
999 _c65751
_d65751